Central Library OPAC University of Rajshahi

The man-made object / (Record no. 19546)

MARC details
000 -LEADER
fixed length control field 00769nam a22002771 4500
001 - CONTROL NUMBER
control field 19546
003 - CONTROL NUMBER IDENTIFIER
rucl marc code BD-RjUL
005 - DATE AND TIME OF LATEST TRANSACTION
control field 20211209000440.0
008 - FIXED-LENGTH DATA ELEMENTS--GENERAL INFORMATION
fixed length control field 140224s1966 nyua b 000 0 eng
035 ## - SYSTEM CONTROL NUMBER
System control number (BD-RjUL)19606
040 ## - CATALOGING SOURCE
Original cataloging agency DLC
Transcribing agency DLC
Modifying agency BD-RjUL
Language of cataloging eng
041 ## - LANGUAGE CODE
Language code of text/sound track or separate title eng
082 00 - DEWEY DECIMAL CLASSIFICATION NUMBER
Classification number 701
Author mark and year MAN 1966
245 14 - TITLE STATEMENT
Title The man-made object /
Statement of responsibility, etc. Gyorgy Kepes
260 ## - PUBLICATION, DISTRIBUTION, ETC. (IMPRINT)
Place of publication, distribution, etc. New York :
Name of publisher, distributor, etc. G. Braziller,
Date of publication, distribution, etc. c1966.
300 ## - PHYSICAL DESCRIPTION
Pagination 230 p. :
Illustrations illus. ;
Size 29 cm.
490 0# - SERIES STATEMENT
Series statement Vision+value series
504 ## - BIBLIOGRAPHY, ETC. NOTE
Bibliography, etc Includes bibliographies.
650 #0 - SUBJECT ADDED ENTRY--TOPICAL TERM
Topical term or geographic name as entry element Creation (Literary, artistic, etc.)
9 (RLIN) 2740
Topical term or geographic name as entry element Art
General subdivision Philosophy.
9 (RLIN) 53278
Topical term or geographic name as entry element Art
General subdivision Technique.
9 (RLIN) 51920
700 1# - ADDED ENTRY--PERSONAL NAME
Personal name Kepes, Gyorgy
942 ## - ADDED ENTRY ELEMENTS (KOHA)
Source of classification or shelving scheme Dewey Decimal Classification
Koha item type Books
Holdings
Lost status Source of classification or shelving scheme Damaged status Not for loan Collection code Permanent Location Current Location Shelving location Date acquired Source of acquisition Cost, normal purchase price Total Checkouts Full call number Date last seen Copy number Koha item type
  Dewey Decimal Classification   Not For Loan Non-fiction Central Library, University of Rajshahi Central Library, University of Rajshahi Reading Room 14/02/1974 Book Centre 112.50   701 MAN 1966 24/02/2014 C-1 Books